| 000 | 00726nam a22002417a 4500 | ||
|---|---|---|---|
| 005 | 20170124110151.0 | ||
| 010 | _aA-408368 | ||
| 020 | _c00.00 | ||
| 035 | _aA-408368 | ||
| 037 | _bCen Lib/Ret | ||
| 040 |
_aDPL _bEN |
||
| 082 |
_a620 _bDIF |
||
| 245 |
_aDiffusion bonding of materials / _cedited by N. F. Kazakov; translated from russian by Boris V. Kuznetsov |
||
| 260 |
_aMoscow _bMir Publishers _c1985 |
||
| 270 | _bMoscow | ||
| 300 |
_a304p. : _c20cm(Hb) _bill. |
||
| 500 | _aIncludes index | ||
| 650 |
_aDiffusion bonding (Metals) _934008 |
||
| 650 |
_aDiffusion bonding _934009 |
||
| 700 |
_a Kazakov, N. F. _934010 |
||
| 700 |
_aKuznetsov, Boris V. _934011 |
||
| 942 |
_2ddc _cEN _h620 _mDIF |
||
| 999 |
_c132205 _d132205 |
||